000 00250nam a2200085Ia 4500
245 0 _aVoices of liberation
100 _a First, Ruth, Cape Town, South Africa, [c.2012] new ed.
_985972
942 _cBK
008 210817s9999 xx 000 0 und d
999 _c324478
_d324477